| 000 | 00749cam a2200193 4500 | ||
|---|---|---|---|
| 008 | 081230s2005 mx 000 0 spa u | ||
| 020 | _a9685087717 | ||
| 035 | _aa476975 | ||
| 050 | 0 | 4 |
_aLC92.M4 _bA75 2005 |
| 100 | 1 | _aArias Castañeda, Eduardo | |
| 245 | 1 | 0 |
_aPolíticas educativas en México : _btres momentos en la historia tres visiones desde la filosofía / _cEduardo Arias Castañeda, Miguel Bazdresch Parada, Xavier Vargas Beal; Cristina Cárdenas Castillo, coord. |
| 250 | _a1a ed. | ||
| 260 |
_aMéxico : _bIteso, _c2005 |
||
| 300 |
_a129 p. ; _c23 cm. |
||
| 504 | _aIncluye bibliografía | ||
| 650 | 7 |
_aPolítica educativa _zMéxico _ySiglo XX _2Librunam |
|
| 650 | 7 |
_aEducación _xFilosofía _zMéxico _2Librunam |
|
| 942 |
_2lcc _cLIB |
||
| 999 |
_c69950 _d69950 |
||